| 000 | 00496nam a22001457a 4500 | ||
|---|---|---|---|
| 008 | 230628b |||||||| |||| 00| 0 eng d | ||
| 040 |
_aNational Science Library _cNational Science Library |
||
| 080 |
_a05:57(083.8) _bM3 |
||
| 245 |
_aSerial sources for the BIOSIS data base _c/ Biosciences Information Service of Biological Abstracts |
||
| 260 |
_aPhiladelphia: _bBiosciences Information Service, _c1983 |
||
| 300 | _aviii, 353p. | ||
| 650 | _aScience | ||
| 653 | _aBiology | ||
| 942 |
_2udc _cREF |
||
| 999 |
_c48186 _d48186 |
||